University education and technology in 21 century V.1 (Record no. 206416)
[ view plain ]
| 000 -LEADER | |
|---|---|
| fixed length control field | 00351nam a2200121Ia 4500 |
| 008 - FIXED-LENGTH DATA ELEMENTS--GENERAL INFORMATION | |
| fixed length control field | 231221s9999 xx 000 0 und d |
| 041 ## - LANGUAGE CODE | |
| Language code of text/sound track or separate title | English |
| 082 ## - DEWEY DECIMAL CLASSIFICATION NUMBER | |
| Classification number | 378.155 RAM.1;1 R |
| 100 ## - MAIN ENTRY--PERSONAL NAME | |
| Personal name | Ramesh Chandra |
| 245 #0 - TITLE STATEMENT | |
| Title | University education and technology in 21 century V.1 |
| 650 ## - SUBJECT ADDED ENTRY--TOPICAL TERM | |
| Topical term or geographic name entry element | Univeras,education,technology,21,century,V.1 |
| 942 ## - ADDED ENTRY ELEMENTS (KOHA) | |
| Koha item type | Education Library |
| Date last seen | Total checkouts | Full call number | Accession number | Cost, total (INR) price | Price effective from | Category | Lost status | Damaged status | Department | Withdrawn status | Home library | Current library | Shelving location | Entry date | Vendor | Cost, normal purchase price | Grants | Billnumber | Billdate | Currency symbol | Conversion rate | Discount | Old discount |
|---|---|---|---|---|---|---|---|---|---|---|---|---|---|---|---|---|---|---|---|---|---|---|---|
| 26/01/2024 | 378.155 RAM.1;1 R | ED1094 | 654.54 | 26/01/2024 | Education Library | Central Library | Central Library | Central Library | Central Library | Standard Book House, | 818.18 | EDU | 32890 | 28/04/2010 | RS | 1 | 163.64 | 20 |
